00625nam a2200157Ia 4500008004100000024005600041082001800097100006800115110004700183245003200230260002600262600002200288650003300310856010700343999001700450260210s9999 xx 000 0 und d a18B-001-PE, 18B-008-PE, 18B-013-PE & 18B-020-PE a621.31072 QAD aAbdul Haseeb Qadri, Qunber, Muhammad Irtaz Bari & Obaid Ali aDr. Abdul Qadir & Engr. Faiz Ahmed 0aIn-Pipe Hydro Power Turbine aKarachi:bUITU,c2018 aPower Engineering aBachelor of Engineering (BE) uhttps://drive.google.com/file/d/17bKnR3MpfpY7ivmjNzLaNqvOg6Z5-VxS/view?usp=sharingyClick here for PDF c33355d33355